| 000 | 00601nam a2200241Ia 4500 | ||
|---|---|---|---|
| 003 | OSt | ||
| 005 | 20220912153034.0 | ||
| 006 | a|||||r|||| 00| 0 | ||
| 007 | ta | ||
| 008 | 220909b |||||||| |||| 00| 0 eng d | ||
| 024 | _a24405 | ||
| 037 | _cTextual | ||
| 040 |
_aCSL _beng _cCSL |
||
| 041 | _aeng | ||
| 082 | _aB6:7, 122G1 | ||
| 100 | _aFubini Gudie | ||
| 245 | 0 | _aGemetrie projective differentielle des surfaces | |
| 260 | _c1931 | ||
| 300 |
_ap. _ccm. |
||
| 700 | _a Cech Eduard | ||
| 942 |
_hB6:7, 122G1 _cTEXL _2CC |
||
| 999 |
_c96914 _d96914 |
||